United States : Financial Sector Assessment Program-Technical Note-Insurance Supervision and Regulation.

This Technical Note (TN) is a targeted review of cross-cutting themes building on the detailed assessment of the Insurance Core Principles (ICPs) conducted in 2015. The targeted review was chosen, in part, due to the performance of the U.S. insurance regulatory system in the 2015 detailed assessment...

وصف كامل

التفاصيل البيبلوغرافية
مؤلف مشترك: International Monetary Fund. Monetary and Capital Markets Department
التنسيق: دورية
اللغة:English
منشور في: Washington, D.C. : International Monetary Fund, 2020.
سلاسل:IMF Staff Country Reports; Country Report ; No. 2020/244
الوصول للمادة أونلاين:Full text available on IMF
LEADER 02110cas a2200241 a 4500
001 AALejournalIMF021173
008 230101c9999 xx r poo 0 0eng d
020 |c 5.00 USD 
020 |z 9781513552897 
022 |a 1934-7685 
040 |a BD-DhAAL  |c BD-DhAAL 
110 2 |a International Monetary Fund.  |b Monetary and Capital Markets Department. 
245 1 0 |a United States :   |b Financial Sector Assessment Program-Technical Note-Insurance Supervision and Regulation. 
264 1 |a Washington, D.C. :  |b International Monetary Fund,  |c 2020. 
300 |a 1 online resource (94 pages) 
490 1 |a IMF Staff Country Reports 
500 |a <strong>Off-Campus Access:</strong> No User ID or Password Required 
500 |a <strong>On-Campus Access:</strong> No User ID or Password Required 
506 |a Electronic access restricted to authorized BRAC University faculty, staff and students 
520 3 |a This Technical Note (TN) is a targeted review of cross-cutting themes building on the detailed assessment of the Insurance Core Principles (ICPs) conducted in 2015. The targeted review was chosen, in part, due to the performance of the U.S. insurance regulatory system in the 2015 detailed assessment where it was assessed that the U.S. observed 8 ICPs, largely observed 13 ICPs and partly observed 5 ICPs. The analysis relied on a targeted self-assessment against a subset of ICPs covering valuation and solvency, risk management, conduct, winding-up, corporate governance and enforcement, and the objectives, powers and responsibility of supervisors. The choice of subjects covered in this review is based on those aspects most significant to financial stability and a follow-up on key recommendations from the 2015 detailed assessment. The focus of the analysis has been on the state-based system of regulation and supervision, reflecting the existing institutional setup. 
538 |a Mode of access: Internet 
830 0 |a IMF Staff Country Reports; Country Report ;  |v No. 2020/244 
856 4 0 |z Full text available on IMF  |u http://elibrary.imf.org/view/journals/002/2020/244/002.2020.issue-244-en.xml  |z IMF e-Library